000 00876nac a22002417a 4500
001 BR8000470
003 BR-BrBNA
005 20240105114619.0
008 230509b bl.|||m| |||| 00| 0 por d
040 _aBR-BrBNA
_bpor
_cBiblioteca Nacional de Agricultura
072 _aL10
090 _aL10 BR8000470
100 1 _aLarrambebere, W.H.S.
110 1 _aCentro Nacional de Pesquisa de Suinos, Concordia, SC (Brasil)
_91808
245 1 _aDisseminacao do melhoramento genetico em escala nacional [Brazil]
246 1 _a[Genetic improvement dissemination in a national range [Brazil]]
260 3 _aConcordia, SC (Brasil):
_c26 Nov 1979.
300 _a5 p.
490 _aComunicado Tecnico - Centro Nacional de Pesquisa de Suinos (Brazil)
_vno. 4
_x
650 _aMelhoramento genetico animal
909 _a202312
_bLúcia Elande
_c55
_dLúcia Elande
942 _2AGRIS
_n0
_cMS
999 _c270350
_d270350